|
|
|
|
| LEADER |
00000cam a2200000 7i4500 |
| 001 |
0000002336 |
| 005 |
20030527.0 |
| 090 |
0 |
0 |
|a 307.1412095
|b BUI 1988
|
| 245 |
0 |
0 |
|a BUILDING from below :
|b local initiatives for decentralized development in Asia and Pacific
|c [editors], Anil Bhatt ... [et al.]
|
| 260 |
0 |
0 |
|a Kuala Lumpur, Malaysia :
|b Konrad Adenauer Stiftung : Asian and Pacific Development Centre ,
|c 1987-1988
|
| 300 |
|
|
|a 3 v. :
|b ill., maps ;
|c 24 cm.
|
| 500 |
0 |
0 |
|a Includes bibliographical references
|
| 650 |
0 |
0 |
|a Rural development
|x Government policy
|z Asia
|
| 650 |
0 |
0 |
|a Rural development
|x Government policy
|z Pacific Area
|
| 650 |
0 |
0 |
|a Rural development
|z Asia
|
| 650 |
0 |
0 |
|a Rural development
|z Pacific Area
|
| 700 |
0 |
1 |
|a Bhatt
|h Anil H. ,
|c 1937-
|
| 710 |
1 |
1 |
|a Asian and Pacific Development Centre
|
| 998 |
|
|
|a JPSM
|
| 999 |
|
|
|a 0000004259
|b Monograph
|c Open Shelf
|e Default branch
|
| 999 |
|
|
|a 0000004260
|b Monograph
|c Open Shelf
|e Default branch
|
| 999 |
|
|
|a 0000004261
|b Monograph
|c Open Shelf
|e Default branch
|